000 00480nam a2200181Ia 4500
005 20250508152133.0
008 008 250505s9999 xx 000 0 eng d
037 _aTextual
040 _aFEDL
_beng
_cFEDL
041 _aeng
_2eng
084 _a954.5, 954.5
_qFEDL
100 _aNigam N K
_9760840
245 0 _aDelhi in, 1857
260 _aDelhi, India
_bS Chand and Co
_c1957
300 _aix,188p
942 _cTEXL
_h954.5, 954.5
999 _c1334501
_d1334501